Statistics for flags 1914 2

Click here to take the quiz!

General Stats

  • This quiz has been taken 10 times
  • The average score is 14 of 16

Answer Stats

Answer% Correct
Chile
100%
Denmark
100%
Luxembourg
100%
new zealand
100%
Paraguay
100%
spain
100%
sweden
100%
Switzerland
100%
Uruguay
100%
Nepal
89%
Netherlands
89%
San Marino
89%
Liberia
78%
Montenegro
78%
South Africa
33%
Newfoundland
22%

Score Distribution

Percentile by Number Answered

Percent of People with Each Score

Your Score History

You have not taken this quiz